Soil fertility

Αποθηκεύτηκε σε:
Λεπτομέρειες βιβλιογραφικής εγγραφής
Κύριος συγγραφέας: Foth, H. D.
Άλλοι συγγραφείς: Ellis, Boyd G.
Μορφή: Βιβλίο
Γλώσσα:English
Δημοσίευση: New York : John Wiley and Sons, 1988
Θέματα:
Ετικέτες: Προσθήκη ετικέτας
Δεν υπάρχουν, Καταχωρήστε ετικέτα πρώτοι!

MARC

LEADER 00000nam a2200000 i 4500
001 1/5671
008 960611s1988 eng d
020 |a 0-471-82507-7 
035 |l 10016090 
040 |a GR-MY-UA  |b gre  |e aacr 
041 0 |a eng 
082 0 |a 631.422 
100 1 |a Foth, H. D. 
245 1 0 |a Soil fertility /  |c Henry D. Foth; Boyd G. Ellis 
260 |a New York :   |b John Wiley and Sons,   |c 1988 
300 |a 212 p.  |b ill; tables; fig 
504 |a Includes index 
650 0 0 |a Soil fertility. 
650 0 0 |a Fertilizers. 
700 1 |a Ellis, Boyd G. 
852 |a INST  |b LESVOS  |e 19960611  |h 631.422 FOT  |p 005100006121  |q 005100006121  |t BK  |y 0 
909 |a Λ  |b 019290